000 00520nam a2200157Ia 4500
008 160316s1998 xxu||||| |||| 00| 0 eng d
082 _a320.950000
_bPRA-I
100 _aPrajpati Vishnu
245 _aSouth Asia power politics and politics.Vol.I : Studies in poliltical identity and regional resurgence
250 _a
260 _aNew Delhi
_bCommonwealth Publishers
_c1998
300 _a304p
_b304p*
_c
365 _b1800/- Set*
650 _a1.Political Situation - South Asia - Politics - Government
700 _a
_a
999 _c13196
_d13196